UM Logo

A fast positive-sequence component extraction method with multiple disturbances in unbalanced conditions / (Record no. 19656)

MARC details
000 -LEADER
fixed length control field 00773nam a22001937a 4500
003 - CONTROL NUMBER IDENTIFIER
control field OSt
005 - DATE AND TIME OF LATEST TRANSACTION
control field 20240313101147.0
008 - FIXED-LENGTH DATA ELEMENTS--GENERAL INFORMATION
fixed length control field 240313b ||||| |||| 00| 0 eng d
040 ## - CATALOGING SOURCE
Transcribing agency 0
082 ## - DEWEY DECIMAL CLASSIFICATION NUMBER
Classification number DPer 621.317 Ie21 August 2022 v.37 n. 8
100 ## - MAIN ENTRY--PERSONAL NAME
Personal name Liu, Xiaokang.
Relator term author.
9 (RLIN) 54546
245 ## - TITLE STATEMENT
Title A fast positive-sequence component extraction method with multiple disturbances in unbalanced conditions /
Statement of responsibility, etc. Xiaokang Liu, Binbing Wu, and Liancheng Xiu
260 ## - PUBLICATION, DISTRIBUTION, ETC. (IMPRINT)
Place of publication, distribution, etc. New York;
Name of publisher, distributor, etc. The Institute of Electrical and Electronics Engineers, Inc.,
Date of publication, distribution, etc. August 2022.
300 ## - PHYSICAL DESCRIPTION
Extent volume 37,
Other physical details pages 8820-8824,
Dimensions illustration.
700 ## - ADDED ENTRY--PERSONAL NAME
Personal name Liu, Xiaokang.
Relator term author.
9 (RLIN) 54546
700 ## - ADDED ENTRY--PERSONAL NAME
Personal name Wu, Binbing.
Relator term author.
9 (RLIN) 54547
700 ## - ADDED ENTRY--PERSONAL NAME
Personal name Xiu, Liancheng.
Relator term author.
9 (RLIN) 54548
942 ## - ADDED ENTRY ELEMENTS (KOHA)
Source of classification or shelving scheme Dewey Decimal Classification
Koha item type Periodicals
Holdings
Withdrawn status Lost status Source of classification or shelving scheme Damaged status Not for loan Collection code Home library Current library Date acquired Total Checkouts Full call number Date last seen Price effective from Koha item type Public note
    Dewey Decimal Classification     Periodicals UM Digos College - LIC UM Digos College - LIC 03/13/2024   DPer 621.317 Ie21 August 2022 v.37 n. 8 03/13/2024 03/13/2024 Periodicals Periodical Article